000 00591naa a2200181 a 4500
003 BD-RjUL
005 20230123101552.0
008 230123s1943 s ||||| |||| 00| 0 a d
035 _a(BD-RjUL)
040 _aBD-RjUL
_beng
_cBD-RjUL
041 _aara
082 _223
_a297.352
_bJAD 1943
245 _aدليل الحج المنصور ومناسك الحج dalil alhaji almansur wamanasik alhaji /
_cصالح محمد جمال Saleh Mohammed Jamal
260 _aMakkah ;
_bAl jannat al Nasar al Arabiah ,
_c1943
300 _a151 p. ;
_c19 cm
650 _aHajj
_93380
942 _2ddc
_cBK
999 _c81116
_d81116